Microelectronics : (Record no. 2749)

000 -LEADER
fixed length control field 00610nam a22002177a 4500
001 - CONTROL NUMBER
control field 2749
003 - CONTROL NUMBER IDENTIFIER
control field BD-DhUET
008 - FIXED-LENGTH DATA ELEMENTS--GENERAL INFORMATION
fixed length control field 140930b xxu||||| |||| 00| 0 eng d
020 ## - INTERNATIONAL STANDARD BOOK NUMBER
International Standard Book Number 8177583344
040 ## - CATALOGING SOURCE
Transcribing agency 0
Modifying agency BD-DhUET
082 ## - DEWEY DECIMAL CLASSIFICATION NUMBER
Classification number 623.817
Item number HOW/1997
100 ## - MAIN ENTRY--PERSONAL NAME
Personal name Howe, Roger T.
245 ## - TITLE STATEMENT
Title Microelectronics :
Remainder of title an integrated approach
Statement of responsibility, etc. by Roger T. Howe and Charles G. Sodini
250 ## - EDITION STATEMENT
Edition statement 1st ed.
260 ## - PUBLICATION, DISTRIBUTION, ETC. (IMPRINT)
Place of publication, distribution, etc. Delhi
Name of publisher, distributor, etc. Pearson Education
Date of publication, distribution, etc. 1997
300 ## - PHYSICAL DESCRIPTION
Extent xv,908p.
490 ## - SERIES STATEMENT
Series statement Prentice Hall electronic and VLSI series
650 #0 - SUBJECT ADDED ENTRY--TOPICAL TERM
Topical term or geographic name as entry element Microelectronics
700 ## - ADDED ENTRY--PERSONAL NAME
Personal name Sodini, Charles G.
942 ## - ADDED ENTRY ELEMENTS (KOHA)
Koha item type General Book
Holdings
Lost status Copy number Koha date last seen Date acquired Not for loan Koha date last borrowed Damaged status Withdrawn status Location (home branch) Koha item type Shelving location Koha normalized classification for sorting Price effective from Source of classification or shelving scheme Piece designation (barcode) Koha issues (times borrowed) Koha full call number Sublocation or collection (holding branch)
 12014-11-102014-09-30 2014-11-02  Central Library, BUETGeneral BookCirculation section623_000000000000000_817HOW19972014-09-30 1019091623.817/HOW/1997Central Library, BUET
 22014-10-112014-10-11    Central Library, BUETGeneral BookCirculation section623_000000000000000_817HOW19972014-10-11 101467 623.817/HOW/1997Central Library, BUET